00536nam a22001337a 4500999001900000008004100019100002700060245005400087260004300141300005000184773004300234942000700277952011800284 c533808d533808260625b ||||| |||| 00| 0 eng d aMukhoty, Ira 961349 aThe synergetic dreams of Akbar and Asaf-Ud-Daula  aIndia International Center Quarterly  a52 (3&4), Winter 2025- Summer 2026: p.185-195 aIndia International Center Quarterly  cAR 00102ddc40709408988aIIPAbIIPAd2026-06-25hIndia International Center Quarterly pAR139270r2026-06-25yAR